000 00956cad a22002175a 4500
001 L152892
008 110511s2011 xxk f 000 0 eng d
035 _a(Sirsi) u152892
041 0 _aeng
110 0 _aChiltern International Fire
_95946
245 0 0 _aHistoric buildings and fire safety
_h[electronic resource]
260 _aHigh Wycombe
_bCFI
_c[2011?]
490 0 _aTechnical Information
_v(TI-1110)
520 _aProvides guidance on each stage of a fire risk assessment and fire safety plan for historic buildings; an overview of issues to address.
590 _aKA NTK
651 4 _aUnited Kingdom
_y
690 _aMANAGEMENT-HEALTH AND SAFETY-FIRE SAFETY-FIRE RISK ASSESSMENT
690 _aBUILT ENVIRONMENT-BUILDING TYPES-ANCIENT MONUMENTS AND HISTORIC BUILDINGS
856 4 0 _uhttps://www.chilternfire.co.uk/document/ti-1110-historic-buildings-and-fire-safety.pdf
_z View this item free of charge at www.chilternfire.co.uk
942 _n0
999 _c112249
_d112249